[Event "Philadelphia Open"]
[Site "Philadelphia USA"]
[Date "2010.04.03"]
[Round "6"]
[White "Lapshun,Y"]
[Black "Robson,R"]
[Result "1/2-1/2"]
[WhiteElo "2443"]
[BlackElo "2559"]

1.d4 d5 2.c4 e6 3.Nf3 Nf6 4.Nc3 c6 5.e3 Nbd7 6.Qc2 Bd6 7.Bd3 O-O 8.O-O dxc4
9.Bxc4 a6 10.a4 c5 11.Rd1 cxd4 12.exd4 Qc7 13.Qe2 b6 14.Bg5 h6 15.Bxf6 Nxf6
16.d5 Re8 17.dxe6 Bxe6 18.Bxe6 Rxe6 19.Qd3 Bc5 20.h3 Rae8 21.Re1 Rd8 22.Qf1 Red6
23.Rad1 Rxd1 24.Rxd1 Rxd1 25.Qxd1 Qf4 26.b3 g6 27.Kf1 Qf5 28.Qe2 Bb4 29.Qc4 Bxc3
30.Qxc3 Qb1+ 31.Ne1 Ne4 32.Qe3 a5 33.Qd4 Nc5 34.Qd8+ Kg7 35.Qxb6 Nxb3 36.Qe3 Qa2
37.Qf4 Qb2 38.Nf3 Qb1+ 39.Ne1 Qb2 40.Nf3 Qb1+ 41.Ne1 Qa1 42.h4 Nc5 43.Qd2 Nb3
44.Qf4 Nc5 45.Qd2 Ne4 46.Qc2 Nc3 47.Qd2 Ne4 48.Qc2 Qd4 49.Nf3 Qb4 50.Qd1 Qc4+
51.Kg1 Nc5 52.Qd4+ Qxd4 53.Nxd4 Kf8 54.f4 Ke8 55.Nc6 Nb7 56.Kf2 Kd7 57.Ne5+ Ke6
58.Ke3 Nc5  1/2-1/2

[Event "II Genset Cup"]
[Site "Szombathely HUN"]
[Date "2010.04.03"]
[Round "9"]
[White "Stavrianakis,I"]
[Black "Makk,R"]
[Result "1/2-1/2"]
[WhiteElo "2243"]
[BlackElo "2130"]

1.d4 d5 2.c4 c6 3.Nc3 Nf6 4.Nf3 e6 5.e3 Nbd7 6.Qc2 b6 7.Bd3 Bb7 8.O-O Be7
9.b3 Qc7 10.Bb2 Rd8 11.Rac1 Qb8 12.cxd5 cxd5 13.Ne2 Bd6 14.h3 Ne4 15.Bxe4 dxe4
16.Ng5 Nf6 17.Nc3 Qa8 18.f3 exf3 19.Nxf3 Ne4 20.Nxe4 Bxe4 21.Qe2 O-O 22.Nd2 Rc8
23.Nxe4 Qxe4 24.Rc4 b5 25.Rxc8 Rxc8 26.Qf3 Qxf3 27.gxf3 f6 28.Rc1 Rxc1+ 29.Bxc1 Kf7
30.Bd2 g5 31.Kf2 a6  1/2-1/2

[Event "Doeberl Cup"]
[Site "Canberra AUS"]
[Date "2010.04.04"]
[Round "7"]
[White "Oliver,G"]
[Black "Goldenberg,I"]
[Result "0-1"]
[WhiteElo "2189"]
[BlackElo "2386"]

1.d4 d5 2.c4 c6 3.Nf3 Nf6 4.Nc3 e6 5.e3 Nbd7 6.Qc2 Bd6 7.Bd3 O-O 8.O-O dxc4
9.Bxc4 b5 10.Be2 Bb7 11.Rd1 Qe7 12.e4 e5 13.d5 cxd5 14.Nxd5 Nxd5 15.exd5 a6
16.a4 b4 17.Ng5 Nf6 18.Bc4 h6 19.Ne4 Nxe4 20.Qxe4 f5 21.Qe2 e4 22.Bf4 Kh8
23.Bxd6 Qxd6 24.Rd4 Rae8 25.Rad1 Re5 26.b3 Bc8 27.f3 exf3 28.Qxf3 Rfe8 29.g3 Re3
30.Qf4 R8e5 31.Kf2 R3e4 32.Rxe4 fxe4 33.Kg2 a5 34.Rd2 Bf5 35.h3 Kh7 36.Re2 Bg6
37.Re3 Qe7 38.g4 Qd6 39.Kg3 Qc5 40.Re2 Qe7 41.Re3 Qd6 42.h4 h5 43.gxh5 Bxh5
44.Bd3 Bg6 45.Bc4 Kh8 46.Re1 Bh5 47.Bd3 Bf3 48.Kf2 Qxd5 49.Qf8+ Qg8 50.Qxg8+ Kxg8
51.Bb1 Kf7 52.Ke3 Kf6 53.Rg1 Rh5 54.Bxe4 Bxe4 55.Kxe4 Rxh4+ 56.Kd5 Rh5+ 57.Kc6 Rf5
58.Kb6 g5 59.Rh1 g4  0-1

[Event "21st Pobeskydi TS Cup"]
[Site "Frydek-Mistek CZE"]
[Date "2010.04.04"]
[Round "8"]
[White "Bernasek,J"]
[Black "Petenyi,T"]
[Result "1-0"]
[WhiteElo "2490"]
[BlackElo "2300"]

1.d4 d5 2.c4 c6 3.Nf3 Nf6 4.Nc3 e6 5.e3 Nbd7 6.Qc2 Bd6 7.g4 dxc4 8.Bxc4 e5
9.g5 Nd5 10.Bd2 O-O 11.Ne4 Qe7 12.Rg1 exd4 13.Nxd4 N7b6 14.Bb3 Bb4 15.O-O-O Bxd2+
16.Rxd2 Re8 17.f3 Kh8 18.Qd3 Bd7 19.Kb1 Rad8 20.Rgd1 Rc8 21.Ne2 Bf5 22.N2g3 Bg6
23.h4 f5 24.gxf6 Nxf6 25.Bc2 Nxe4 26.Nxe4 Qxh4 27.Qd4 Rc7 28.Qc5 Qe7 29.Nd6 Bxc2+
30.Qxc2 Rf8 31.Rh2 h6 32.Nf5 Qe5 33.Nxh6 gxh6 34.Rxh6+ Kg8 35.Rg1+ Kf7 36.f4 Qxe3
37.Rg7+ Ke8 38.Rxc7 Qe1+ 39.Qc1 Qe4+ 40.Ka1 Nd5 41.Rxb7 Nb4 42.Rxb4 Qxb4
43.Qxc6+ Kd8 44.Rd6+  1-0

[Event "17th TCh-RUS Higher League"]
[Site "Dagomys RUS"]
[Date "2010.04.05"]
[Round "4"]
[White "Pakhomov,E"]
[Black "Slugin,S"]
[Result "1/2-1/2"]
[WhiteElo "2381"]
[BlackElo "2427"]

1.d4 d5 2.Nf3 Nf6 3.c4 e6 4.Nc3 c6 5.e3 Nbd7 6.Qc2 Bd6 7.b3 O-O 8.Be2 e5
9.cxd5 cxd5 10.Nb5 Bb4+ 11.Bd2 Bxd2+ 12.Nxd2 a6 13.dxe5 Nxe5 14.Nd4 Bg4 15.Bxg4 Nexg4
16.O-O Rc8 17.Qf5 Qd6 18.N2f3 g6 19.Qg5 h6 20.Qf4 Qxf4 21.exf4 Ne4 22.Ne5 Ngf6
23.Rfc1 Nd6 24.Kf1 Rfe8 25.f3 Nh5 26.Nd3 Ng7 27.Nb4 Ne6 28.Nxe6 fxe6 29.Kf2 Kf7
30.Nd3 Kf6 31.h4 Nf7 32.Nc5 Nd6 33.Nd7+ Ke7 34.Ne5 Kf6 35.Nd7+ Ke7 36.Nb6 Rxc1
37.Rxc1 Nb5 38.Ke3  1/2-1/2

[Event "FSGM April"]
[Site "Budapest HUN"]
[Date "2010.04.06"]
[Round "4"]
[White "Berczes,D"]
[Black "Baramidze,D"]
[Result "1-0"]
[WhiteElo "2510"]
[BlackElo "2528"]

1.d4 d5 2.c4 c6 3.Nc3 Nf6 4.e3 e6 5.Nf3 Nbd7 6.Qc2 Bd6 7.g4 h6 8.h3 a6 9.Rg1 Qe7
10.Bd2 dxc4 11.e4 e5 12.Bxc4 b5 13.Be2 c5 14.dxe5 Nxe5 15.O-O-O Ng6 16.e5 Nxe5
17.Nxe5 Bxe5 18.Bf3 Ra7 19.Rde1 Kf8 20.Nd5 Nxd5 21.Bxd5 f6 22.f4 Qd6 23.fxe5 Qxd5
24.exf6 g5 25.Qg6 Qf7 26.Qg7+ Qxg7 27.fxg7+ Rxg7 28.Bc3 Rhg8 29.Bxg7+ Kxg7
30.Rgf1 h5 31.Re7+ Kg6 32.Ref7 Kh6 33.Rf8 Rxf8 34.Rxf8 hxg4 35.Rxc8 g3 36.Re8 Kh5
37.Re4  1-0

[Event "Open"]
[Site "Thessaloniki GRE"]
[Date "2010.04.06"]
[Round "3"]
[White "Galopoulos,N"]
[Black "Serntedakis,A"]
[Result "1-0"]
[WhiteElo "2333"]
[BlackElo "1891"]

1.d4 d5 2.c4 c6 3.Nf3 Nf6 4.e3 e6 5.Nc3 Nbd7 6.Qc2 Bd6 7.g4 Nxg4 8.Rg1 Nxh2
9.Nxh2 Bxh2 10.Rxg7 Nf8 11.Rg2 Bc7 12.Bd2 Ng6 13.Be2 Qf6 14.cxd5 Nh4 15.Rg1 Nf3+
16.Bxf3 Qxf3 17.dxc6 Qxc6 18.Rc1 Bh2 19.Rf1 Bd7 20.e4 Rc8 21.Qd3 Qd6 22.Ne2 Rxc1+
23.Bxc1 Be5 24.Qc3 Bg7 25.Rg1 Bf8 26.Bf4 Qb6 27.a3 h5 28.Be5 Rh7 29.Rg8 h4  1-0

[Event "12th Open"]
[Site "Dubai UAE"]
[Date "2010.04.07"]
[Round "3"]
[White "Sanikidze,T"]
[Black "Ibrayev,N"]
[Result "1/2-1/2"]
[WhiteElo "2566"]
[BlackElo "2405"]

1.d4 Nf6 2.c4 e6 3.Nf3 d5 4.Nc3 c6 5.e3 a6 6.c5 b6 7.cxb6 Nbd7 8.Bd3 c5 9.O-O Bb7
10.Na4 Bd6 11.Bd2 O-O 12.Ba5 Qe7 13.dxc5 Nxc5 14.Nxc5 Bxc5 15.Rc1 Rfc8 16.Qa4 Nd7
17.Rc2 Nxb6 18.Qg4 Nd7 19.Rfc1 Bd6 20.Bc7 g6 21.Bxd6 Qxd6 22.Rxc8+ Rxc8 23.Rxc8+ Bxc8
24.Qh4 f6 25.h3 Kg7 26.Qa4 e5 27.Bf1 Nc5 28.Qb4 Ne4 29.Qxd6 Nxd6 30.Nd2 Kf7
31.b4 Ke7 32.Nb3 Ne8 33.a4 Kd6 34.a5 Nc7 35.Nc5 d4 36.exd4 exd4 37.f3 Nd5
38.Nxa6 Bxa6 39.Bxa6 Nxb4 40.Bf1 Kc5 41.Kf2 Nc6 42.a6 Kb4 43.Bd3 f5 44.f4 Kc5
45.g4 Kb6 46.gxf5 Nb4 47.Ke2 gxf5 48.Bxf5 Nxa6 49.Bxh7 Kc5 50.h4 Kd6 51.Kd3 Ke7
52.Kxd4 Kf6 53.Bc2 Nc7 54.Bb3 Ne8 55.Bd1 Nd6 56.Bc2 Ne8 57.h5 Ng7 58.h6 Nh5
59.f5 Ng3 60.Kd5 Nxf5 61.Bxf5 Kf7 62.Bh7 Kf6 63.Bc2 Kf7  1/2-1/2

[Event "17th TCh-RUS Higher League"]
[Site "Dagomys RUS"]
[Date "2010.04.08"]
[Round "7"]
[White "Nagibin,G"]
[Black "Pakhomov,E"]
[Result "0-1"]
[WhiteElo "2414"]
[BlackElo "2381"]

1.d4 d5 2.c4 e6 3.Nc3 c6 4.e3 Nf6 5.Nf3 Nbd7 6.Qc2 Bd6 7.b3 O-O 8.Bb2 e5
9.cxd5 cxd5 10.dxe5 Nxe5 11.Be2 Nxf3+ 12.Bxf3 d4 13.exd4 Re8+ 14.Be2 Ng4
15.h3 Qh4 16.O-O Nh2 17.Rfe1 Bxh3 18.gxh3 Re6 19.Nb5 Qxh3 20.Qd3 Rg6+ 21.Qxg6 Nf3+
22.Bxf3 Bh2+  0-1

[Event "12th Open"]
[Site "Dubai UAE"]
[Date "2010.04.08"]
[Round "4"]
[White "Salem,AR"]
[Black "Mammadov,Z"]
[Result "0-1"]
[WhiteElo "2483"]
[BlackElo "2276"]

1.d4 d5 2.c4 c6 3.Nc3 Nf6 4.e3 e6 5.Nf3 Nbd7 6.Bd3 dxc4 7.Bxc4 b5 8.Bd3 Bb7
9.O-O b4 10.Ne4 c5 11.Nxf6+ Qxf6 12.e4 h6 13.Ne5 O-O-O 14.f4 cxd4 15.Qa4 Bc5
16.Bd2 Nxe5 17.fxe5 Qe7 18.Bxb4 Bxb4 19.Qxa7 Rd7 20.Rac1+ Rc7 21.Ba6 Bxa6
22.Qa8+ Kd7 23.Qxa6 Rhc8 24.Qa4+ Kd8 25.Rcd1 Bc5 26.Rd3 Ba7 27.h3 Qc5 28.Rdf3 Qxe5
29.Rxf7 d3+  0-1

[Event "Sydney Int Open"]
[Site "Parramatta AUS"]
[Date "2010.04.08"]
[Round "3"]
[White "Ruan,J"]
[Black "Chowdhury,So"]
[Result "0-1"]
[WhiteElo "1896"]
[BlackElo "2194"]

1.d4 d5 2.c4 c6 3.Nf3 e6 4.e3 Nf6 5.Nc3 Nbd7 6.Qc2 g6 7.Bd3 Bg7 8.O-O O-O
9.b3 Re8 10.Ne5 dxc4 11.Bxc4 a6 12.f4 c5 13.Bb2 cxd4 14.exd4 b5 15.Be2 Bb7
16.Bf3 Bxf3 17.Rxf3 Rc8 18.Qe2 Nb6 19.Ne4 Nxe4 20.Qxe4 Nd5 21.Raf1 Re7 22.Rh3 Rec7
23.g4 Rc2 24.f5 exf5 25.gxf5 Nf6 26.Qh4 Rxb2 27.fxg6 hxg6 28.Rxf6 Qxf6 29.Qh7+ Kf8
30.Nd7+ Ke7 31.Nxf6 Rc1+  0-1

[Event "FSGM April"]
[Site "Budapest HUN"]
[Date "2010.04.09"]
[Round "7"]
[White "Rajlich,I"]
[Black "Berczes,D"]
[Result "1-0"]
[WhiteElo "2459"]
[BlackElo "2510"]

1.d4 d5 2.c4 c6 3.Nc3 Nf6 4.e3 e6 5.Nf3 Nbd7 6.Qc2 Bd6 7.Bd3 O-O 8.O-O dxc4
9.Bxc4 b5 10.Be2 Bb7 11.e4 e5 12.Rd1 Qc7 13.Bg5 exd4 14.Rxd4 Ne5 15.g3 Bc5
16.Rd2 Nfg4 17.Nd1 Bb4 18.Rd4 Ba5 19.Nxe5 Qxe5 20.Rd7 Bc8 21.Bf4 Qh5 22.Bxg4 Qxg4
23.Rd3 Bb6 24.Kh1 f5 25.e5 c5 26.Ne3 Bb7+ 27.Kg1 Qh5 28.Rd7 Bc6 29.Qd1 Qh3
30.e6 Bxd7 31.exd7 Rad8 32.Qb3+ Kh8 33.Qxb5 Qh5 34.Nc4 Qe2 35.a4 Qe6 36.Rd1 Qe2
37.Rd2 Qe1+ 38.Kg2 a6 39.Qxb6  1-0

[Event "59th ch-BUL w"]
[Site "Dupnitsa BUL"]
[Date "2010.04.09"]
[Round "2"]
[White "Yordanova,S"]
[Black "Raeva,E"]
[Result "1-0"]
[WhiteElo "2140"]
[BlackElo "2238"]

1.d4 d5 2.Nf3 Nf6 3.c4 e6 4.e3 c6 5.Nc3 Be7 6.Bd3 O-O 7.O-O a6 8.e4 dxe4
9.Nxe4 Nxe4 10.Bxe4 f5 11.Bc2 c5 12.Be3 f4 13.Qd3 g6 14.Bd2 cxd4 15.Qxd4 Qc7
16.Qe4 Nc6 17.Bc3 Bf6 18.Bxf6 Rxf6 19.Rad1 e5 20.h3 Kg7 21.Rfe1 Bf5 22.Qe2 Re8
23.Be4 Rfe6 24.Ng5 R6e7 25.Bxf5 gxf5 26.Qh5 Kg8 27.Nxh7 Rd8 28.Nf6+ Kg7 29.Nd5 Rxd5
30.Qg5+ Kf8 31.cxd5 Nd4 32.Qf6+ Rf7 33.Qh8+  1-0

[Event "IV Open"]
[Site "La Laguna ESP"]
[Date "2010.04.09"]
[Round "6"]
[White "Alvarado Diaz,A"]
[Black "Kraus,O"]
[Result "0-1"]
[WhiteElo "1935"]
[BlackElo "2104"]

1.d4 d5 2.c4 e6 3.Nc3 c6 4.e3 Nf6 5.Nf3 Nbd7 6.Qc2 Bd6 7.g4 dxc4 8.Bxc4 e5
9.g5 Nd5 10.Bd2 O-O 11.O-O-O exd4 12.exd4 N7b6 13.Nxd5 cxd5 14.Be2 Bg4 15.Kb1 Rc8
16.Qb3 Nc4 17.Bc1 Rc6 18.Ka1 Qc7 19.Rde1 Rc8 20.a3 g6 21.Rhg1 Bf5 22.Nh4 Na5
23.Qe3 Bc2 24.Ng2 Nb3+ 25.Ka2 Qa5 26.Bg4 Rd8 27.Re2 Bd3 28.Qxd3 Nxc1+ 29.Rxc1 Rxc1
30.h4 b5 31.h5 b4 32.hxg6 hxg6 33.Qd2 Rg1 34.f3 Qb5 35.Qe3 b3+ 36.Qxb3 Qxe2  0-1

[Event "IV Open"]
[Site "La Laguna ESP"]
[Date "2010.04.10"]
[Round "8"]
[White "Pogorelov,R"]
[Black "Gomez,Gu"]
[Result "1-0"]
[WhiteElo "2486"]
[BlackElo "2137"]

1.Nf3 d5 2.d4 Nf6 3.c4 e6 4.Nc3 c6 5.e3 Bd6 6.Bd3 Nbd7 7.O-O O-O 8.e4 dxe4
9.Nxe4 Nxe4 10.Bxe4 Nf6 11.Bc2 h6 12.b3 b6 13.Bb2 Bb7 14.Qd3 Re8 15.Rfe1 a5
16.Rad1 Ba6 17.Ne5 Qc7 18.Qf3 Bb7 19.c5 Be7 20.Bc1 bxc5 21.Bxh6 cxd4 22.Bxg7 c5
23.Qf4  1-0

[Event "Sydney Int Open"]
[Site "Parramatta AUS"]
[Date "2010.04.10"]
[Round "7"]
[White "Rujevic,M"]
[Black "Lane,G"]
[Result "1-0"]
[WhiteElo "2261"]
[BlackElo "2380"]

1.d4 d5 2.c4 c6 3.Nf3 Nf6 4.Nc3 e6 5.e3 Nbd7 6.Qc2 Bd6 7.Bd3 dxc4 8.Bxc4 b5
9.Bd3 Bb7 10.e4 e5 11.d5 Rc8 12.Qe2 b4 13.dxc6 Bxc6 14.Nd1 Nc5 15.Nd2 Qd7
16.Ne3 Bb8 17.Bc4 Nfxe4 18.Nxe4 Nxe4 19.O-O O-O 20.Rd1 Qe7 21.Nd5 Bxd5 22.Bxd5 Nf6
23.Bb3 e4 24.Be3 Rfd8 25.g3 Be5 26.Rxd8+ Rxd8 27.Rc1 a5 28.Rc5 Ra8 29.Qc2 h6
30.Kg2 g5 31.Rb5 Kg7 32.Qc6 Rb8 33.Rxa5 Qc7 34.Qxc7 Bxc7 35.Ra7 Ne8 36.Bd4+ Kg6
37.Ba4 Bd6 38.Ra6  1-0

[Event "Bundesliga 2009-10"]
[Site "Erfurt GER"]
[Date "2010.04.11"]
[Round "15"]
[White "Lauber,A"]
[Black "Schenk,An"]
[Result "1/2-1/2"]
[WhiteElo "2517"]
[BlackElo "2509"]

1.d4 d5 2.c4 e6 3.Nc3 c6 4.e3 Nf6 5.Nf3 Nbd7 6.Bd3 dxc4 7.Bxc4 b5 8.Bd3 Bb7
9.a3 b4 10.Ne4 Nxe4 11.Bxe4 bxa3 12.O-O Nf6 13.Bd3 axb2 14.Bxb2 a5 15.Qb3 Rb8
16.Bc3 Ba6 17.Qd1 Bxd3 18.Qxd3 Bb4 19.Rfc1 Nd5 20.Bxb4 Nxb4 21.Qa3 Rb5 22.Ne5 Qd5
23.Qc3 O-O  1/2-1/2

[Event "12th Open"]
[Site "Dubai UAE"]
[Date "2010.04.12"]
[Round "8"]
[White "Afshari,M"]
[Black "Mammadov,Z"]
[Result "0-1"]
[WhiteElo "2182"]
[BlackElo "2276"]

1.Nf3 d5 2.d4 Nf6 3.c4 c6 4.Nc3 e6 5.e3 Nbd7 6.Qc2 Bd6 7.b3 O-O 8.Be2 b6
9.O-O Bb7 10.Bb2 Qe7 11.Rad1 Rad8 12.Rfe1 c5 13.cxd5 exd5 14.Rc1 Ne4 15.dxc5 Ndxc5
16.Nb5 Bb8 17.Nbd4 f5 18.g3 Rd6 19.Bf1 Rg6 20.Bg2 Rh6 21.b4 Nd7 22.Qa4 Qf7
23.Rc2 a6 24.Rec1 b5 25.Qb3 Nb6 26.Nc6 Bd6 27.Na5 Ba8 28.Nd4 Qh5 29.Nf3 Nc4
30.Bc3 Be7 31.Bd4 g5 32.Kf1 g4 33.Ne5 Ncd2+  0-1

[Event "12th Open"]
[Site "Dubai UAE"]
[Date "2010.04.13"]
[Round "9"]
[White "Shengelia,D"]
[Black "Sargissian,G"]
[Result "0-1"]
[WhiteElo "2567"]
[BlackElo "2675"]

1.d4 d5 2.c4 c6 3.Nf3 Nf6 4.Nc3 e6 5.e3 Nbd7 6.a3 Bd6 7.Bd3 O-O 8.O-O dxc4
9.Bxc4 e5 10.e4 exd4 11.Qxd4 Qc7 12.Bg5 Ne5 13.Bxf6 gxf6 14.Kh1 c5 15.Qd5 Be6
16.Nxe5 Bxd5 17.Nxd5 Qc8 18.Nxf6+ Kh8 19.Nxf7+ Rxf7 20.Bxf7 Qf8 21.Ne8 Be5
22.Bh5 Qh6 23.g4 Qf4 24.Kg2 Qxh2+ 25.Kf3 Qf4+ 26.Kg2 Rxe8  0-1

[Event "XXVIII Open A"]
[Site "Metz FRA"]
[Date "2010.04.13"]
[Round "6"]
[White "Corrales Jimenez,F"]
[Black "Bhat,V"]
[Result "1-0"]
[WhiteElo "2585"]
[BlackElo "2549"]

1.d4 d5 2.c4 c6 3.Nc3 Nf6 4.e3 e6 5.Nf3 Nbd7 6.Bd3 dxc4 7.Bxc4 b5 8.Bd3 Bd6
9.O-O O-O 10.Qc2 Bb7 11.a3 a6 12.Ng5 Bxh2+ 13.Kxh2 Ng4+ 14.Kg1 Qxg5 15.f3 Ngf6
16.e4 Qh4 17.Ne2 e5 18.b4 Rfe8 19.Bb2 Nh5 20.g4 Ng3 21.Nxg3 Qxg3+ 22.Qg2 Qxg2+
23.Kxg2 Rad8 24.Rad1 h6 25.Bc2 f6 26.Kf2 Bc8 27.Rc1 Re6 28.Rfd1 Rd6 29.Ba1 Kf7
30.Ke3 Ke6 31.dxe5 fxe5 32.g5 h5 33.g6 Ke7 34.Rxd6 Kxd6 35.f4 Rf8 36.Rd1+ Ke7
37.fxe5 Rh8 38.Rf1 Rf8 39.Rf5 Nb6 40.Rxh5 Be6 41.Bd4 Nd7 42.Rh7 Rg8 43.Kf4 Kd8
44.Kg5 Ke8 45.Rh1 Ke7 46.Rh7 Ke8 47.Bd1 Kd8 48.a4 Ke7 49.axb5 cxb5 50.Be2 Nb8
51.Bc5+ Ke8 52.Bg4 Bxg4 53.Kxg4 Nc6 54.e6 Nd8 55.Kf5 Nb7 56.Bd4 Nd6+ 57.Ke5 Nc4+
58.Kd5 Ke7 59.Rxg7+ Rxg7 60.Bxg7 Ne3+ 61.Ke5 Nc4+ 62.Kf4 Kxe6 63.Bd4 Nd6
64.g7 Kf7 65.e5  1-0

[Event "TCh-ISR"]
[Site "Israel ISR"]
[Date "2010.04.16"]
[Round "5"]
[White "Mittelman,G"]
[Black "Zoler,D"]
[Result "1/2-1/2"]
[WhiteElo "2387"]
[BlackElo "2464"]

1.d4 d5 2.c4 c6 3.Nc3 Nf6 4.e3 e6 5.Nf3 Nbd7 6.Qc2 Bd6 7.Bd3 dxc4 8.Bxc4 b5
9.Be2 Bb7 10.O-O O-O 11.Rd1 Qc7 12.b3 a6 13.Ne4 Nxe4 14.Qxe4 c5 15.Qh4 Nf6
16.dxc5 Bxc5 17.Bb2 Qe7 18.b4 Ba7 19.a3 Rfe8 20.Rac1 Rad8 21.Rxd8 Rxd8 22.Be5 Rd7
23.Nd4 Nd5 24.Qxe7 Nxe7 25.Nb3 f6 26.Bd4 Bxd4 27.Nxd4 Bd5 28.f4 Kf7 29.Kf2 e5  1/2-1/2

[Event "XXVIII Open A"]
[Site "Metz FRA"]
[Date "2010.04.16"]
[Round "9"]
[White "Bhat,V"]
[Black "Das,Arg"]
[Result "0-1"]
[WhiteElo "2549"]
[BlackElo "2419"]

1.d4 d5 2.c4 e6 3.Nc3 c6 4.Nf3 Nf6 5.e3 Nbd7 6.Qc2 Bd6 7.Bd3 O-O 8.O-O dxc4
9.Bxc4 a6 10.a4 c5 11.dxc5 Bxc5 12.Ne4 Nxe4 13.Qxe4 Nf6 14.Qh4 b6 15.b4 Bxb4
16.Bb2 Nd5 17.Qg3 f6 18.Rfd1 Qe8 19.Rac1 Bc5 20.Bb3 Kh8 21.Rc4 Ne7 22.Bc2 e5
23.Nxe5 fxe5 24.Bxe5 Ng6 25.Bc3 Bf5 26.Bxf5 Rxf5 27.a5 Qf7 28.Rg4 Qb3 29.Bxg7+ Kxg7
30.Rd7+ Rf7 31.Rxf7+ Qxf7 32.h4 Qd5 33.Rg5 Qd1+ 34.Kh2 Bd6 35.f4 Be7 36.Rg4 Qd5
37.axb6 Rb8 38.e4 Qxe4 39.Qc3+ Kh6 40.h5 Qf5 41.Kg3 Rd8  0-1

[Event "6th TCh-CHN"]
[Site "Ningbo CHN"]
[Date "2010.04.16"]
[Round "1"]
[White "Xiu Deshun"]
[Black "Yu Ruiyuan"]
[Result "1-0"]
[WhiteElo "2493"]
[BlackElo "2309"]

1.c4 c6 2.Nf3 d5 3.e3 Nf6 4.Nc3 e6 5.d4 Nbd7 6.Bd3 Bd6 7.O-O O-O 8.Qc2 dxc4
9.Bxc4 e5 10.h3 Qe7 11.Bb3 Nb6 12.Bd2 Bc7 13.dxe5 Bxe5 14.Nxe5 Qxe5 15.f4 Qe7
16.e4 Be6 17.Bxe6 fxe6 18.Rae1 e5 19.fxe5 Nfd7 20.Qb3+ Kh8 21.e6 Nc5 22.Qb4 Rfe8
23.Rd1 Nxe6 24.Qxe7 Rxe7 25.Bc1 Kg8 26.b3 Rd7 27.Rxd7 Nxd7 28.Rd1 Rd8 29.Kf2 Kf7
30.Ke3 Ne5 31.Rxd8 Nxd8 32.Bb2 Ke6 33.Ne2 Kf7 34.Nc3 Ke6 35.Ne2 c5 36.Nf4+ Kd6
37.Bc3 Ne6 38.Ne2 Nc6 39.Be1 Ned4 40.Bg3+ Ke7 41.Nc3 Ke6 42.Nd5 Nf5+ 43.exf5+ Kxd5
44.Bf2 b5 45.g4 c4 46.bxc4+ bxc4 47.Be1 Nd8 48.Bc3 g6 49.fxg6 hxg6 50.h4 Nf7
51.Kf4 Nd6 52.h5 gxh5 53.gxh5 Nf7 54.Kf5 Nh6+ 55.Kg5 Ng8 56.Kf4 Nh6 57.Bg7 Nf7
58.Kf5 Kd6 59.Ke4 Ke6 60.Kd4 Nd6 61.Bf8 Nf5+ 62.Kxc4 Kf7 63.Bb4 Ng3 64.h6 Nf5
65.Bd2  1-0

[Event "Open"]
[Site "Bar MNE"]
[Date "2010.04.17"]
[Round "1"]
[White "Rajkovic,Du"]
[Black "Pecurica,M"]
[Result "0-1"]
[WhiteElo "2463"]
[BlackElo "2027"]

1.c4 c6 2.d4 d5 3.Nf3 Nf6 4.e3 e6 5.Nc3 Nbd7 6.Qc2 Bd6 7.Bd3 O-O 8.O-O dxc4
9.Bxc4 a6 10.a3 b5 11.Ba2 c5 12.dxc5 Bxc5 13.e4 Qc7 14.Bg5 Bb7 15.Rac1 Rac8
16.Qe2 Qb8 17.Bb1 Qa8 18.e5 Ng4 19.Ne4 Bb6 20.Rxc8 Rxc8 21.Nd6 Bxf3 22.Qxf3 Ndxe5
23.Qh3 h6 24.Nxc8 Qxc8 25.Bd2 Qd8 26.Qc3 Nc4 27.Be1 Qd6 28.g3 Qc6 29.Qc2 f5
30.Bc3 Nce3 31.fxe3 Bxe3+  0-1

[Event "Open"]
[Site "Bar MNE"]
[Date "2010.04.18"]
[Round "2"]
[White "Bogut,Z"]
[Black "Dimitrijevic,A"]
[Result "1-0"]
[WhiteElo "2468"]
[BlackElo "2286"]

1.d4 Nf6 2.c4 c6 3.Nc3 d5 4.Nf3 e6 5.e3 Bd6 6.Bd3 Nbd7 7.O-O O-O 8.b3 e5
9.cxd5 Nxd5 10.Nxd5 cxd5 11.dxe5 Nxe5 12.Nxe5 Bxe5 13.Bxh7+ Kxh7 14.Qh5+ Kg8
15.Qxe5 Re8 16.Qd4 Re4 17.Qd2 Be6 18.Bb2 Qd6 19.Rad1 Rh4 20.f4 f6 21.Qf2 Rh5
22.e4 a6 23.e5 fxe5 24.Bxe5 Qd7 25.Rc1 Rc8 26.Rxc8+ Qxc8 27.Qb2 Qd7 28.Rc1 Rh7
29.Rc7 Qb5 30.h3 g6 31.Rxh7 Kxh7 32.Qf2 Bf5 33.Qh4+ Kg8 34.Qf6 Qc5+ 35.Kh2 Qf8
36.Qh8+ Kf7 37.Qh7+ Ke8 38.Qxb7  1-0

[Event "Open"]
[Site "Bar MNE"]
[Date "2010.04.18"]
[Round "3"]
[White "Miljkovic,Mir1"]
[Black "Lekic,D"]
[Result "1/2-1/2"]
[WhiteElo "2484"]
[BlackElo "2396"]

1.d4 d5 2.c4 c6 3.e3 Nf6 4.Nc3 e6 5.Nf3 Nbd7 6.Qc2 Bd6 7.Be2 O-O 8.O-O dxc4
9.Bxc4 a6 10.e4 e5 11.Rd1 Qc7 12.dxe5 Nxe5 13.Nxe5 Bxe5 14.g3 Bh3 15.Re1 Rfe8
16.Bd3 Rad8 17.Bg5 h6 18.Bxf6 Bxf6 19.Nd5 Qe5 20.Nxf6+ Qxf6 21.Bf1 Bxf1 22.Rxf1 Rd4
23.f3 Red8 24.Rf2 Qg5 25.f4 Qa5 26.a3 Rd2 27.b4 Rxc2 28.bxa5 Rc5 29.Rb1 Rb5
30.Rfb2 Rd4 31.e5 Ra4 32.Rxb5 axb5 33.Rd1 Rxa3 34.Rd8+ Kh7 35.Rd7 Kg6 36.Rxb7 Rxa5
37.Rb6 Ra1+ 38.Kf2 Rc1 39.g4 h5 40.h3 Rc4 41.Kg3 hxg4 42.hxg4 f6 43.e6 f5
44.g5 b4 45.Kf3 c5 46.Rb5 Rc3+ 47.Ke2 Rc4 48.Kf3 Re4 49.Rxc5 Rxe6 50.Rb5 Re4
51.Rb6+ Kh5 52.Rb5 Kg6 53.Rb6+ Kh5 54.Rb5 Kg6 55.Rb6+ Kh5 56.Rb5 Rc4 57.Rxf5 Rc3+
58.Ke2 Kg4 59.Rf7 g6 60.Rf6 b3  1/2-1/2

[Event "1st Stilyan Strugov Mem"]
[Site "Ognjanovo BUL"]
[Date "2010.04.18"]
[Round "6"]
[White "Nikolov,Sas"]
[Black "Ilchov,R"]
[Result "1-0"]
[WhiteElo "2409"]
[BlackElo "2216"]

1.d4 d5 2.c4 c6 3.Nf3 Nf6 4.Nc3 e6 5.e3 Nbd7 6.Bd3 dxc4 7.Bxc4 b5 8.Bd3 a6
9.e4 c5 10.d5 Qc7 11.dxe6 fxe6 12.O-O c4 13.Bc2 Bb7 14.Nd4 Nc5 15.Qe2 O-O-O
16.Be3 e5 17.Nf5 Nd3 18.b3 b4 19.bxc4 bxc3 20.Bxd3 Rxd3 21.Qxd3 Bxe4 22.Qxc3 Bxf5
23.c5 Nd5 24.Qa3 Qc6 25.Rac1 Be7 26.Rc4 Bd8 27.Bd2 Bc7 28.Ra4 Kb7 29.Ba5 Bxa5
30.Rxa5 Ka7 31.Qg3 Qc7 32.c6 Nf4 33.Qe3+ Kb8 34.Rxe5 Bd3 35.Qxf4 Bxf1 36.Kxf1 Rd8
37.g3 Rd1+ 38.Ke2 Rd8 39.Re7 Qxf4 40.gxf4 Rd4 41.Ke3 Rc4 42.Rxg7 Rxc6 43.Ke4  1-0

[Event "ch-SRB"]
[Site "Kragujevac SRB"]
[Date "2010.04.19"]
[Round "2"]
[White "Saric,S"]
[Black "Drazic,S"]
[Result "0-1"]
[WhiteElo "2444"]
[BlackElo "2545"]

1.d4 d5 2.c4 c6 3.Nc3 Nf6 4.e3 e6 5.Nf3 a6 6.Ne5 Nbd7 7.f4 Bb4 8.Bd3 c5 9.O-O O-O
10.cxd5 exd5 11.Qf3 cxd4 12.exd4 Qb6 13.Be3 Qd6 14.Ne2 Re8 15.Ng3 Nf8 16.a3 Ba5
17.Rac1 Bb6 18.Rfe1 Bd7 19.Bf2 Rac8 20.Rxc8 Bxc8 21.h3 Bd7 22.Kh1 Ba5 23.Rc1 Ng6
24.Be1 Bxe1 25.Rxe1 Qb6 26.Qf2 Bb5 27.Bb1 Ne7 28.Rc1 Nc6 29.Rc5 Nd8 30.Rc1 Ne6
31.Rd1 Ba4 32.Rd2 Qc7 33.Bf5 Nf8 34.Kh2 h5 35.Bd3 Bd7 36.Rc2 Qb6 37.Rc3 g6
38.f5 Rxe5 39.fxg6 fxg6 40.Bb1 Re6 41.Bxg6 Nxg6 42.Qf5 Kg7 43.Qg5 Qd6 44.Kg1 Re1+
45.Kf2 Ne4+ 46.Nxe4 Rxe4 47.Qxh5 Qf6+  0-1

[Event "Open"]
[Site "Bar MNE"]
[Date "2010.04.20"]
[Round "5"]
[White "Rovcanin,Z"]
[Black "Draskovic,D"]
[Result "1-0"]
[WhiteElo "2166"]
[BlackElo "2135"]

1.d4 d5 2.Nf3 Nf6 3.c4 c6 4.Nc3 e6 5.e3 Nbd7 6.Qc2 Bd6 7.b3 O-O 8.Bd3 e5
9.cxd5 cxd5 10.dxe5 Nxe5 11.Nxe5 Bxe5 12.Bb2 Qe7 13.Nb5 Bxb2 14.Qxb2 Bd7
15.Nd4 Ng4 16.Qd2 f5 17.h3 Ne5 18.Be2 Rf6 19.g3 Nc6 20.Bf3 f4 21.Bxd5+ Kh8
22.gxf4 Rxf4 23.O-O-O Nxd4 24.exd4 Bf5 25.Qxf4 Qa3+ 26.Kd2 Re8 27.Qxf5 Qb2+
28.Kd3 Qe2+ 29.Kc3 Qb5 30.Be4  1-0

[Event "Open"]
[Site "Bar MNE"]
[Date "2010.04.21"]
[Round "6"]
[White "Rusev,K"]
[Black "Draganic,V"]
[Result "1-0"]
[WhiteElo "2543"]
[BlackElo "2268"]

1.d4 d5 2.c4 c6 3.Nf3 Nf6 4.Nc3 e6 5.e3 Nbd7 6.Qc2 Bd6 7.Bd3 dxc4 8.Bxc4 b5
9.Be2 Bb7 10.O-O O-O 11.Rd1 Qe7 12.e4 e5 13.dxe5 Nxe5 14.Nd4 Bc5 15.Be3 Neg4
16.Nf5 Qe5 17.Bxg4 Nxg4 18.Bxc5 Qxc5 19.Qe2 Ne5 20.Rac1 Qb6 21.Rd6 Qa5 22.Qe3 Bc8
23.Ne7+ Kh8 24.Qc5 Nc4 25.Rxc6 Be6 26.b3 Nb2 27.Rd6 Rfe8 28.Rd2 Qb6 29.Qxb6 axb6
30.Nc6 Rac8 31.Na7 Red8 32.Rcc2 Rxd2 33.Rxd2 Ra8 34.Naxb5  1-0

[Event "9th Asian Continental"]
[Site "Olongapo City PHI"]
[Date "2010.04.21"]
[Round "1"]
[White "Laylo,D"]
[Black "Battulga,N"]
[Result "1-0"]
[WhiteElo "2527"]
[BlackElo "2357"]

1.d4 d5 2.c4 e6 3.Nf3 Nf6 4.Nc3 c6 5.e3 Nbd7 6.Qc2 Bd6 7.b3 Qe7 8.Be2 O-O
9.O-O Re8 10.Bb2 dxc4 11.bxc4 e5 12.Rab1 e4 13.Nd2 Nf8 14.c5 Bc7 15.Nc4 Ng4
16.Bxg4 Bxg4 17.f3 exf3 18.gxf3 Be6 19.Ne4 Bd5 20.Bc1 Qh4 21.Ncd6 Re6 22.Rxb7 Bxd6
23.cxd6 c5 24.Rb5 Bxe4 25.fxe4 cxd4 26.Rbf5 dxe3 27.Bxe3 Rxe4 28.Bf2 Qg4+
29.Bg3 f6 30.Qb3+ Kh8 31.R5f4 Rxf4 32.Rxf4 Qd7 33.Rc4 Ne6 34.a4 a6 35.a5 Qa7+
36.Qb6 Qd7 37.Qc6 Qd8 38.d7 Ra7 39.Qxe6 Rxd7 40.Re4 h6 41.Qe8+ Kh7 42.Qxd8 Rxd8
43.Re6 Ra8 44.Kf2 Kg6 45.Re7 h5 46.Kf3 Kh6 47.Re6 Kg5 48.Re7 g6 49.Rc7 h4
50.Bf2 Rd8 51.Rc6 Rd3+ 52.Be3+ Kf5 53.Rxa6 g5 54.h3  1-0

[Event "9th Open"]
[Site "Malakoff FRA"]
[Date "2010.04.22"]
[Round "7"]
[White "Guichard,P"]
[Black "Guliyev,N"]
[Result "0-1"]
[WhiteElo "2300"]
[BlackElo "2516"]

1.d4 d5 2.Nf3 Nf6 3.c4 e6 4.Nc3 c6 5.e3 Nbd7 6.Bd3 dxc4 7.Bxc4 b5 8.Bd3 Bb7
9.O-O a6 10.e4 c5 11.d5 c4 12.Bc2 Qc7 13.dxe6 fxe6 14.Ng5 Nc5 15.Qf3 O-O-O
16.Qh3 Kb8 17.Be3 h6 18.Rad1 Be7 19.Bxc5 hxg5 20.Rxd8+ Rxd8 21.Bxe7 Qxe7
22.Qg3+ Qc7 23.Qxg5 b4 24.Na4 e5 25.Qe3 Rd4 26.f3 Qd6 27.Rf2 Nd7 28.g3 Bc6
29.Nc3 bxc3 30.bxc3 Qa3 31.f4 Rd6 32.fxe5 Re6 33.Qd4 Nxe5 34.Qb6+ Kc8 35.Ba4 Qxa4
36.Rf8+ Re8 37.Rxe8+ Bxe8 38.Qe6+ Nd7 39.Qxe8+ Kc7 40.Qa8 Qd1+ 41.Kg2 Qd2+
42.Kh3 Qxc3 43.Qxa6 Qd4  0-1